000 00323ngm a2200121 454500
008 180718b1968 xxu||||| |||| 00| 0 eng d
082 _aA31 En19/68
245 _aEncyclopaedia Britannica
260 _aChicago
_bencyclopaedia Britannica
_c1968
300 _a24v.
500 _aRs.2250. for 24 vols
650 _aEncyclopaedias
999 _c447156
_d447156